Die epiphytische Moosvegetation im hyrkanischen Waldgebiet (Nordiran) /

Bibliographic Details
Main Author: Frey, Wolfgang, 1942-
Other Authors: Kürschner, Harald
Format: Book
Language:German
Published: Wiesbaden : Reichert, 1979.
Series:Beihefte zum Tübinger Atlas des Vorderen Orients. Naturwissenschaften ; Nr. 5.
Subjects:

MARC

Tag First Indicator Second Indicator Subfields
LEADER 00000cam a2200000 a 4500
001 in00000095560
005 20150923173658.0
008 810414s1979 gw ab b 00010 germ
010 |a  81461452  
015 |a GFR80-A 
020 |a 3882260408 :  |c DM49.50 
035 |a (OCoLC)07043554 
035 |9 AAK8206AM 
040 |a DLC  |c DLC  |d m.c.  |d TXA  |d UtOrBLW 
041 0 |a ger  |b eng 
043 |a a-ir--- 
049 |a TXAM  |c [1197201] 
050 0 0 |a QK545.I7  |b F73 
082 0 |a 588/.20955/23  |2 19 
100 1 |a Frey, Wolfgang,  |d 1942- 
245 1 4 |a Die epiphytische Moosvegetation im hyrkanischen Waldgebiet (Nordiran) /  |c von Wolfgang Frey und Harald Kurschner. 
264 1 |a Wiesbaden :  |b Reichert,  |c 1979. 
300 |a 99 pages :  |b illustrations, maps ;  |c 24 cm. 
336 |a text  |b txt  |2 rdacontent 
337 |a unmediated  |b n  |2 rdamedia 
338 |a volume  |b nc  |2 rdacarrier 
490 1 |a Beihefte zum Tübinger Atlas des Vorderen Orients. Reihe A, Naturwissenschaften ;  |v Nr. 5 
500 |a Summary also in English. 
504 |a Bibliography: pages [89]-91. 
650 0 |a Mosses  |z Iran  |z Hirkaneh. 
650 0 |a Forest plants  |z Iran  |z Hirkaneh. 
650 0 |a Epiphytes  |z Iran  |z Hirkaneh. 
700 1 |a Kürschner, Harald. 
830 0 |a Beihefte zum Tübinger Atlas des Vorderen Orients.  |n Reihe A,  |p Naturwissenschaften ;  |v Nr. 5. 
999 |a MARS 
999 f f |s 15f810d2-f675-38fe-83af-71ae608003d2  |i 8fc4d958-169f-3ad0-a89e-9c99d5498aa0  |t 0 
952 f f |p ric  |a Texas A&M University  |b Rellis Campus  |c Joint Library Facility  |d Remote Storage  |t 0  |e QK545.I7 F73  |h Library of Congress classification  |i unmediated -- volume  |m A14806027861 
998 f f |a QK545.I7 F73  |t 0  |l Remote Storage